000 00681nam a2200217 i 4500
001 bgj
100 1 _aCHALFANT, H. Paul
_d(1929- )
245 1 0 _aUnderstanding people and social life :
_bintroduction to sociology /
_cH. Paul Chalfant ; Emily LaBeff.
260 _aSt. Paul [etc.] :
_bWest Publishing Company,
_cc. 1988.
300 _aXIV, 326 pp :
_bill. ;
_c26 cm.
504 _aBibliographical references after each chapter.
505 _aIncludes index.
650 9 _aSociology
700 1 _aLABEFF, Emily.
_eco-author
020 _a0314286039
040 _cBPK
041 0 _aeng
920 _a0-314-28603-9
942 _cKS
008 s uk f |000 0 eng
999 _c47603
_d47603
856 _uhttp://koha.tu.koszalin.pl/cgi-bin/koha/opac-detail.pl?biblionumber=47603
_yKatalog online BPK